Formula 1 winners at the Bahrain Grand Prix - Statistics

General Stats
  • This quiz has been taken 146 times
  • The average score is 14 of 15
Answer Stats
Year Driver % Correct
2005 Fernando Alonso
99%
2006 Fernando Alonso
99%
2010 Fernando Alonso
99%
2014 Lewis Hamilton
99%
2015 Lewis Hamilton
99%
2019 Lewis Hamilton
99%
2004 Michael Schumacher
99%
2012 Sebastian Vettel
97%
2013 Sebastian Vettel
97%
2017 Sebastian Vettel
97%
2018 Sebastian Vettel
97%
2009 Jenson Button
96%
2016 Nico Rosberg
96%
2007 Felipe Massa
87%
2008 Felipe Massa
87%
No matching quizzes found
Score Distribution
Percent of People with Each Score
Percentile by Number Answered
Your Score History
You have not taken this quiz